000 00727nam a2200241 i 4500
003 DO-SdBNP
005 20250618121252.0
008 250514b2024 dr ||||| |||| 00| 0 spa d
020 _a9789945645446
040 _aDO-SdBNP
_bspa
_cBNPHU
_erda
041 _aspa
082 4 _axxx
_bF316d
_222
100 1 _aFéliz M. Ross Mery,
_eautor
_4aut.
_987205
245 1 3 _aDe este lado y del otro /
_cRoss Mery Féliz.
264 _aSanto Domingo, República Dominicana :
_bAmigos del Hogar,
_c2024.
300 _a115 páginas ;
_c23 cm
336 _atexto
_btxt
_2rdacontent
337 _asin mediación
_bn
_2rdamedia
338 _avolumen
_bnc
_2rdacarrier
590 _aInventariado, 2025 /LP
910 _aLP
942 _2ddc
_cLBS1
999 _c58429
_d58429